Ο γέροντας Σιλουανός του Αθω : (1866-1938)

Saved in:
Bibliographic Details
Main Author: Sofronii, Archimandrite, 1896-1993
Format: Book
Language:Greek
Published: Θεσσαλονίκη : Σταύρος και Γιάννος Σφακιανάκης, 1978.
Edition:2η έκδ.
Subjects:
Tags: Add Tag
No Tags, Be the first to tag this record!

MARC

LEADER 00000cam a2200000 i 4500
001 1/40876
008 961022s1978 gr | ||| |||| ||gre||
035 |l 10025311 
040 |a GR-MyUa  |b gre  |e AACR2 
041 0 |a gre 
082 7 |a 281.94956   |2 (22) 
100 0 |a Sofronii,   |c Archimandrite,   |d 1896-1993. 
245 1 2 |a Ο γέροντας Σιλουανός του Αθω :   |b (1866-1938) /   |c Αρχιμανδρίτου Σωφρονίου. 
250 |a 2η έκδ. 
260 |a Θεσσαλονίκη :   |b Σταύρος και Γιάννος Σφακιανάκης,   |c 1978. 
300 |a 544 σ. 
600 0 7 |2 nlgaf  |a Σιλουανός ο Αθωνίτης,   |c Άγιος,   |d 1866-1938. 
852 |a INST  |b CHIOS  |e 19961022  |h 281.94956 ΣΩΦ  |p 005200011229  |q 005200011229  |t BK  |y 0